书目信息 |
| 题名: |
分析化学
|
|
| 作者: | ;华东理工、成都科技大学教研组 编 | |
| 分册: | ||
| 出版信息: | 北京 高等教育出版社 1995 |
|
| 页数: | 506 | |
| 开本: | 20cm | |
| 丛书名: | ||
| 单 册: | ||
| 中图分类: | O651 | |
| 科图分类: | ||
| 主题词: | 分析化学 , 分析(化学) | |
| 电子资源: | ||
| ISBN: | 7-04-005181-8 | |
| 000 | 00662nam0 2200205 450 | |
| 001 | 0754114953 | |
| 005 | 20070929150154.95 | |
| 010 | @a7-04-005181-8 | |
| 100 | @a20070929d km y0chiy0120 ea | |
| 101 | 0 | @achi |
| 200 | 1 | @a分析化学@Afen xi hua xue@f华东理工、成都科技大学教研组 编@Fhua dong li gong、cheng du ke ji da xue jiao yan zu bian |
| 205 | @a4版 | |
| 210 | @a北京@c高等教育出版社@d1995 | |
| 215 | @a506@c插图@d20cm | |
| 606 | 0 | @a分析化学 |
| 606 | 0 | @a分析(化学) |
| 690 | @aO651@v3 | |
| 711 | 02 | @a华东理工、成都科技大学教研组@Ahua dong li gong、cheng du ke ji da xue jiao yan zu@4编 |
| 801 | 0 | @aCN@bPFT@c20070929 |
| 905 | @a213230@dO651@eh10=4@f1 | |
| 分析化学/华东理工、成都科技大学教研组 编.-4版.-北京:高等教育出版社,1995 |
| 506:插图;20cm |
| ISBN 7-04-005181-8: |
| ● |
| 相关链接 |
|
|
|
|
正题名:分析化学
索取号:O651/h10=4
 
预约/预借
| 序号 | 登录号 | 条形码 | 馆藏地/架位号 | 状态 | 备注 |
| 1 | 6000281 | 260002810 | 化学系资料室/ [索取号:O651/h10=4] | 在馆 | |
| 2 | 6000282 | 260002829 | 化学系资料室/ [索取号:O651/h10=4] | 在馆 | |
| 3 | 6000283 | 260002838 | 化学系资料室/ [索取号:O651/h10=4] | 在馆 |